000 02181nab a2200337 a 4500
005 20210219162232.0
008 991125s1985 mx 000 0 spa u
035 _aUPN01000200329
049 _aART-E
100 1 _aCharlo Molina, María José
100 1 _umjcharlo@us.es
100 1 _aMoya Clemente, Ismael
100 1 _uimoya@esp.upv.es
100 1 _aMuñoz Rubio, Ana María
100 1 _uamrubio@us.es
222 _aCUADERNOS DE GESTION
245 _aFactores diferenciadores de las empresas del índice de responsabilidad español
260 _aEspaña
300 _a2013
362 0 _a2013 Vol. 13, no. 2
520 3 _aUna importante línea de investigación en Responsabilidad Social Corporativa (RSC) se centra en analizar la relación entre el comportamiento financiero (performance financiera) de las compañías y la adopción de prácticas responsables en la gestión empresarial (performance social) con el objetivo de determinar si existe dicha relación y en su caso, el signo de la misma. Los resultados obtenidos en este campo no son concluyentes y en algunos casos contradictorios. Por ello, se ha considerado relevante analizar a través del presente trabajo si existen diferencias en las variables económico-financieras de las empresas que componen el FTSE4Good IBEX frente a las que perteneciendo al IBEX, su índice de referencia, no forman parte del índice responsable. Para ello, se incluye el marco teórico que trata de explicar la naturaleza de la relación entre los resultados sociales y resultados financieros y un estudio empírico con datos referidos al periodo 2007 y 2008. Los resultados obtenidos señalan como aspectos diferenciadores entre ambos grupos de empresas, las variables relacionadas con el riesgo de mercado, así como el endeudamiento y el tamaño.
653 0 _aGESTION EMPRESARIAL
653 0 _aRESPONSABILIDAD SOCIAL
653 0 _aCOMPORTAMIENTO ECONOMICO
856 4 _uhttp://www.ehu.es/cuadernosdegestion/documentos/110296mc.pdf
905 _aArticulo
336 _atexto$2rdacontent
337 _acomputadora$2rdamedia
338 _arecurso en linea$2rdacarrier
999 _c172430
_d172430